Manufacturing plannig and control for Supply Chain Management.
Αποθηκεύτηκε σε:
| Κύριος συγγραφέας: | |
|---|---|
| Άλλοι συγγραφείς: | , , |
| Μορφή: | Βιβλίο |
| Γλώσσα: | Αγγλικά |
| Έκδοση: |
New York, USA
McGraw-Hill
2011
|
| Έκδοση: | Sexta edición |
| Σειρά: | The McGraw-Hill Irwin Series Operations and Decisions Sciences
|
| Θέματα: | |
| Ετικέτες: |
Προσθήκη ετικέτας
Δεν υπάρχουν, Καταχωρήστε ετικέτα πρώτοι!
|
MARC
| LEADER | 00000cam a2200000 a 4500 | ||
|---|---|---|---|
| 001 | UCG8600 | ||
| 003 | CL-VaPUC | ||
| 005 | 20240402141612.0 | ||
| 008 | 111223e20110000US |||||||||||||||||eng|d | ||
| 999 | |c 346206 |d 346204 | ||
| 020 | |a 9780073377827 | ||
| 040 | |c Pontificia Universidad Católica de Valparaíso | ||
| 082 | 0 | 4 | |a 658.5 JAC 2011 |2 21 |
| 100 | |a Jacobs, F. Robert |e author |9 603480 | ||
| 245 | 1 | 0 | |a Manufacturing plannig and control for Supply Chain Management. |
| 250 | |a Sexta edición | ||
| 260 | 0 | 3 | |a New York, USA |b McGraw-Hill |c 2011 |
| 300 | |a 480 páginas | ||
| 490 | 0 | |a The McGraw-Hill Irwin Series Operations and Decisions Sciences | |
| 583 | |a last modification |c 20111223 12:06:00 |k Rodrigo Vera | ||
| 650 | 0 | |a Gestión de la producción |9 259467 | |
| 650 | 0 | |a Planificación estratégica |9 259735 | |
| 650 | 0 | |a Toma de decisiones |9 257530 | |
| 650 | 0 | |a Abastecimiento |9 443339 | |
| 650 | 7 | |a MANUFACTURA |2 CL-VaPUC |9 407825 | |
| 700 | 0 | |a Berry, William L |9 559694 | |
| 700 | 0 | |a Whybark, D. Clay |9 559695 | |
| 700 | 0 | |a Vollmann, Thomas E |9 559696 | |
| 942 | |c BK |2 ddc | ||
| 945 | |d 20111223 00:00:00 |a cmena | ||
| 952 | |0 0 |1 0 |2 ddc |4 0 |6 658_500000000000000_JAC_2011 |7 0 |8 A |9 446792 |a BIBING |b BIBING |d 2019-11-22 |i 4816633 |l 1 |o 658.5 JAC 2011 |p 4816633 |r 2023-05-17 |s 2020-08-03 |t 1 |w 2019-11-22 |y BK |k EII | ||